<?xml version="1.0" encoding="UTF-8"?>
<marc:record xmlns:marc="http://www.loc.gov/MARC21/slim">
   <marc:leader>00000nam a2200000 a 4500</marc:leader>
   <marc:datafield ind1="1" ind2=" " tag="100">
      <marc:subfield code="a">Hunter, Erin</marc:subfield>
      <marc:subfield code="4">aut</marc:subfield>
      <marc:subfield code="e">Verfasser/-in</marc:subfield>
   </marc:datafield>
   <marc:datafield ind1="0" ind2="0" tag="245">
      <marc:subfield code="a">Dämmerung</marc:subfield>
   </marc:datafield>
   <marc:datafield ind1="0" ind2="0" tag="245">
      <marc:subfield code="b">Warrior Cats 2/5  Die neue Prophezeiung</marc:subfield>
   </marc:datafield>
   <marc:datafield ind1=" " ind2="1" tag="264">
      <marc:subfield code="b">Beltz &amp; Gelberg</marc:subfield>
      <marc:subfield code="c">2012</marc:subfield>
   </marc:datafield>
   <marc:datafield ind1="1" ind2=" " tag="490">
      <marc:subfield code="a">Warrior Cats</marc:subfield>
   </marc:datafield>
   <marc:datafield ind1="1" ind2=" " tag="520">
      <marc:subfield code="a">Kaum hat der Donnerclan Kurzstern geholfen, zum Anführer des Flussclans zu werden, wird dieser feindselig. Deutlich setzen die Clans wieder auf eigene Stärke. Während sie alle das neue Territorium erkunden, gibt es im Donnerclan Neuigkeiten: Eine Katze schliesst sich mit ihren Jungen dem Clan an, die angehende Heilerin Blattsee verlässt ihn schweren Herzens. Darüber hinaus wird Brombeerkralle immer unzufriedener - noch immer ernennt ihn Feuerstern nicht zum 2. Anführer. - Mit der Aufnahme der Einzelgängerin Minka in den Donnerclan nimmt sich der Band des Themas Fremdenfeindlichkeit an. Gewohnt differenziert und engagiert tritt das Buch dafür ein, dass nicht Herkunft, sondern Charakter über Gruppenzugehörigkeit entscheiden sollen. Daneben wird eindringlich Blattsees innere Zerrissenheit wegen ihrer verbotenen Liebe beschrieben. Bis sie nach vielen Zweifeln ihre Bestimmung erkennt, lebt der Leser intensiv Freude, Leid, Schuldgefühle und schliesslich die zwiespältige Rückkehr zum Donnerclan mit. Erneut ein spannender, bewegender Band der auch im Wortsinn fabelhaften Serie. Ab 11</marc:subfield>
   </marc:datafield>
   <marc:datafield ind1=" " ind2=" " tag="020">
      <marc:subfield code="a">9783407811004</marc:subfield>
      <marc:subfield code="9">9783407811004</marc:subfield>
   </marc:datafield>
</marc:record>
